000 01114cam a2200337 4500
005 20260322212053.0
008 data
010 _a 68029477 //r91
020 _a0080064221
020 _a9780080064222
040 _aDLC
_cDLC
_dYUS
_dYUS
049 _aYU31
050 0 0 _aRA790.5
_b.M27 1969
096 _aWM 30 M275 1969
100 1 _aMagoon, Thomas M.,
_d1922-
245 1 0 _aMental health counselors at work/
_cThomas M. Magoon, Stuart E. Golann & Robert W. Freeman.
260 _aNew York,
_bPergamon Press
_c[1969]
300 _aix, 210 p.
_billus., forms.
_c21 cm.
440 0 _aPergamon general psychology series
500 _a"NIMH Mental Health Project grant no. 5-R11-MH-01070."
504 _aBibliography: p. 131-133.
590 _aBibliography: p.131-133.
590 _aSupported by NIMH mental health project grant no. 5-R11-MH-01070.
650 0 _aMental health
_xStudy and teaching.
650 2 _aCounseling.
650 2 _aHealth Manpower.
650 2 _aMental Health Services.
700 1 _aGolann, Stuart E.
700 1 _aFreeman, Robert W.
_d1929-
_q(Robert Whiting),
001 data
999 _c1269
_d1269